| 000 | 00661na a2200217 4500 | ||
|---|---|---|---|
| 001 | 19475 | ||
| 003 | MIRAKIL | ||
| 005 | 20181213155111.0 | ||
| 008 | 161220b tu 000 0 | ||
| 035 | _a19475 | ||
| 040 |
_aMilas _btur _cTR-AnCHP |
||
| 041 | _atur | ||
| 082 |
_a341.481026 _bÇ61 1999 |
||
| 090 | _a341.481026 Ç61 1999 | ||
| 245 |
_aÇocukların Yargılanması ve Çocuk Haklarına Dair Sözleşme Semineri _cT.C. Adalet Bakanlığı |
||
| 260 |
_a[Ankara] _bT.C. Adalet Bakanlığı _c1999 |
||
| 300 |
_a170 s. _c24 sm. |
||
| 650 |
_aÇocuk Hakları Sözleşmesi _zTürkiye |
||
| 650 |
_aHukuk _xÇocuk hakları _zTürkiye |
||
| 942 |
_2ddc _cBKS |
||
| 999 |
_c6564 _d6564 |
||